Curso de Derecho Procesal Civil Tomo III

Bibliographic Details
Main Author: Romero Seguel, Alejandro
Format: eBook
Language:Spanish
Published: [Chile] : Editorial jurd̕ica de Chile, 2012
Series:Manuales jurd̕icos
Subjects:
Online Access:Acceso restringido. Tomo III

MARC

LEADER 00000nam a22000007a 4500
005 20120130104210.0
007 cr|||| ||||
008 120130s2012 cl |||||s|||| 00||0 spa d
020 |a 956-10-1946-9 
035 |a 6160 
040 |a vLex 
090 |c 2967  |d 2967 
100 1 |a Romero Seguel, Alejandro 
245 1 0 |a Curso de Derecho Procesal Civil  |h [Recurso electrn̤ico] /  |c Alejandro Romero Seguel   |n Tomo III 
256 |a Servicio en ln̕ea 
260 |a [Chile] :   |b Editorial jurd̕ica de Chile,  |c 2012 
300 |a 1 recurso electrn̤ico 
490 1 |a Manuales jurd̕icos 
506 1 |a Contenido solo disponible en los productos indicados  |d vLex Global   |d vLex Global (Academic Edition, excluding Law Schools)   |d vLex Global (U.S. Academic Edition, Law Schools)   |d vLex Global (U.S. Academic Edition, excluding Law Schools)   |d vLex Global (Academic Edition, Law Schools)  
650 0 4 |a Procedimiento civil  |z Chile 
740 0 |a vLex Libros (Servicio en ln̕ea) 
856 4 0 |u http://vlex.com/source/6160  |z Acceso restringido. Tomo III 
942 |c BOOK 
999 0 |a Civil procedure 
999 0 |a Procedure (Law)